00965cgm a2200229 450000500170000000700100001700800410002702000180006802000150008608200200010124501300012126000490025130000550030065000330035565000360038865000560042465300200048071000530050094200250055399900170057895201400059520140721123617.0vd cgaizm140721t2012 xx 46 f |||| 0| vleng d a9781111356446 a111135644004222a428.43bREA00aReading explorer 5h[videorecording] :bvideo on DVD : low advanced : 3000-3500 headwords : CEF C1-C2 /cNational Geographic. a[S. l.] :bHeinle Cengage Learning,cc.2012. a1 videodisc (46:19 min.) :bsd., col. ;c4 3/4 in. 0913995aReading comprehension 0935962aDiscoveries in geography 0936062aEnglish languagevFilms for foreign speakers bEEENGcJuly20142 aNational Geographic Digital Motion (Firm)936061 2ddccDVDk428.43 REA c18373d18345 00102ddc40708ILBaMAINbMAINc2NDd2014-07-21epurchaseg270.00h4033l0o428.43 REAp000036088r2022-08-24 00:00:00v337.50yCDVDN